| 000 | 00747cam a22002171 4500 | ||
|---|---|---|---|
| 001 | agr63000445 | ||
| 003 | DLC | ||
| 005 | 20260227111022.0 | ||
| 008 | 820519s1963 dcuab 000 0 eng | ||
| 010 | _aagr63000445 | ||
| 035 | _a(OCoLC)16762897 | ||
| 040 |
_aDLC _cOrPS _dOCoLC _dDLC |
||
| 042 | _apremarc | ||
| 050 | 0 | 0 |
_aS21 _b.A72 no. 1287 |
| 100 | 1 |
_aCook, William Carmichael, _d1895-1967. |
|
| 245 | 1 | 0 | _aEcology of the pea aphid in the Blue Mountain area of eastern Washington and Oregon |
| 260 |
_aWashington] _bAgricultural Research Service, U.S. Dept. of Agriculture _c[1963] |
||
| 300 |
_a48 p. _billus., maps. _c24 cm. |
||
| 650 | 0 | _aPea aphid. | |
| 830 | 0 |
_aTechnical bulletin (United States. Department of Agriculture) ; _vno. 1287. |
|
| 999 |
_c11905 _d11905 |
||